MARC

LEADER 00000nam0a2200000 4500
001 377363
005 20231102012916.0
035 |a (RuTPU)RU\TPU\retro\34814 
035 |a RU\TPU\book\303281 
090 |a 377363 
100 |a 20230301d1975 k y0rusy50 ca 
101 0 |a rus 
102 |a RU 
105 |a a z 001zy 
200 1 |a Кембрийская фауна и флора хребта Джагды (Дальний Восток)  |f Г. В. Беляева, В. А. Лучинина, Б. Б. Назаров [и др.]  |g Академия наук СССР, Сибирское отделение, Институт геологии и геофизики ; отв. ред. И. Т. Журавлева 
210 |a Москва  |c Наука  |d 1975 
215 |a 208 с.  |c ил. 
225 1 |a Труды Института геологии и геофизики  |v Вып. 226 
320 |a Библиогр.: с. 142-145. 
606 1 |a Кембрийские отложения  |2 stltpush  |3 (RuTPU)RU\TPU\subj\14267  |9 40708 
606 1 |a Растения ископаемые  |x Систематика  |2 stltpush  |3 (RuTPU)RU\TPU\subj\23951  |9 48415 
610 1 |a биостратиграфия 
610 1 |a фауна 
610 1 |a флора 
610 1 |a биостратиграфические схемы 
610 1 |a палеонтология 
610 1 |a радиолярии 
610 1 |a археоциаты 
610 1 |a трилобиты 
610 1 |a брахиоподы 
610 1 |a водоросли 
610 1 |a таблицы 
675 |a 551.732  |v 3 
675 |a 561  |v 3 
701 1 |a Беляева  |b Г. В. 
701 1 |a Лучинина  |b В. А. 
701 1 |a Назаров  |b Б. Б. 
701 1 |a Репина  |b Л. Н. 
701 1 |a Соболев  |b Л. П. 
702 1 |a Журавлева  |b И. Т.  |4 340 
712 0 2 |a Академия наук СССР  |b Сибирское отделение  |b Институт геологии и геофизики  |c (Новосибирск)  |c (1957-1990)  |2 stltpush  |3 (RuTPU)RU\TPU\col\128  |9 23211 
801 1 |a RU  |b 63413507  |c 20141224 
801 2 |a RU  |b 63413507  |c 20230301  |g RCR 
942 |c BK